000 00310nam a22001457a 4500
008 230615b ||||| |||| 00| 0 eng d
020 _a9110910328
041 _aeng
080 _a61
082 _a61MSD
100 _a3
101 _aMJP
245 _aTHE MERCK MANUAL OF GERIATRICS
_cMSD
942 _2udc
_cBK
999 _c59985
_d59985